| 000 | 00696nam a22001937a 4500 | ||
|---|---|---|---|
| 003 | BD-DhUL | ||
| 005 | 20190224120352.0 | ||
| 008 | 170730s1976 le ||||| |||| 00| 0 ara d | ||
| 040 |
_aBD-DhUL _cBD-DhUL |
||
| 082 |
_a892.708 _bISM |
||
| 100 | 0 | _aعز الدین اسماعیل۔ | |
| 245 | 0 |
_aالمصادر الادبیة واللغویة في التراث العربي / _cعز الدین اسماعیل۔ |
|
| 246 | _aAl-Maṣādir al-adabiyah wa al-laghwiyah fī al-turāth al-'Arabī | ||
| 260 |
_aبيروت : _bدار النھضة العربیة، _c۱۹۷۶۔ |
||
| 300 |
_aص۔ ۳۹۹ ؛ _c ۲۴ سم۔ |
||
| 365 |
_aBDT _b1080.00 |
||
| 650 | 4 | _aArabic literature. | |
| 942 |
_2ddc _cBK |
||
| 999 |
_c212758 _d212758 |
||